Friedrich Hölderlin : el exiliado en la tierra. Vol. 1 /

Bibliographic Details
Main Author: Rodríguez García, José Luis (Author)
Format: Electronic eBook
Language:Spanish
Published: Zaragoza, España : Prensas de la Universidad de Zaragoza, 2024.
Edition:2a edición.
Series:Humanidades (Zaragoza, Spain) ; 6.
Subjects:
Online Access:Digitalia Hispánica

MARC

LEADER 00000nam a2200000 i 4500
001 DIGPUZ0007
003 NyNyDIG
007 cr |||||||||||
008 240808s2024 sp ob 001 0bspa d
006 m o d
035 |a (OCoLC)1446464681 
040 |a DGITA  |b eng  |e rda  |e pn  |c DGITA 
020 |a 9788413408071  |q eBook 
020 |z 9788413408118 
043 |a e-gx--- 
050 1 4 |a PT2359.H2 ebook 
100 1 |a Rodríguez García, José Luis,  |e author. 
245 1 0 |a Friedrich Hölderlin :  |b el exiliado en la tierra.  |n Vol. 1 /  |c José Luis Rodríguez García. 
250 |a 2a edición. 
264 1 |a Zaragoza, España :  |b Prensas de la Universidad de Zaragoza,  |c 2024. 
300 |a 1 online resource. 
336 |a text  |b txt  |2 rdacontent 
337 |a computer  |b c  |2 rdamedia 
338 |a online resource  |b cr  |2 rdacarrier 
347 |a text file  |2 rdaft 
347 |b PDF 
490 1 |a Colección Humanidades ;  |v no. 6 
504 |a Includes bibliographical references and indexes. 
588 0 |a Online resource; title from PDF title page (Digitalia, viewed August 8, 2024) 
600 1 0 |a Hölderlin, Friedrich,  |d 1770-1843. 
650 0 |a Authors, German  |y 18th century  |v Biography. 
791 2 |a Digitalia (Firm),  |e distributor. 
793 0 |g Digitalia eBook Collection:  |a Prensas Universitarias de Zaragoza 
776 0 8 |i Print version:  |a Rodríguez García, José Luis.  |t Friedrich Hölderlin : el exiliado en la tierra. Vol. 1.  |b 2a edición.  |d Zaragoza, España : Prensas de la Universidad de Zaragoza, [2024]  |z 9788413408118 
830 0 |a Humanidades (Zaragoza, Spain) ;  |v 6. 
856 4 0 |3 Digitalia Hispánica  |u https://www.digitaliapublishing.com/a/158172/ 
910 |a Premium collection: 2024